[Event "Russia Central-ch"]
[Site "Pushchino"]
[Date "2013.03.22"]
[Round "7"]
[White "Arbuzov, Ivan"]
[Black "Vul, Arkadi Eremeevich"]
[Result "1/2-1/2"]
[WhiteElo "2180"]
[BlackElo "2320"]
[PlyCount "96"]
[EventDate "2013.03.16"]
[EventType "swiss"]
[EventRounds "9"]
[EventCountry "RUS"]
[SourceTitle "EXT 2014"]
[Source "ChessBase"]
[SourceDate "2013.11.20"]
[SourceVersion "1"]
[SourceVersionDate "2013.11.20"]
[SourceQuality "1"]

1. d4 d5 2. c4 e6 3. Nc3 c6 4. e3 Nf6 5. Nf3 Nbd7 6. Qc2 Bd6 7. b3 0-0 8. Be2 dxc4 9. bxc4 e5 10. 0-0 Re8 11. Rd1 Qc7 12. h3 exd4 13. exd4 Nf8 14. Rb1 Ng6 15. Bg5 Nh5 16. c5 Bf8 17. Bc4 Nhf4 18. Re1 Rxe1+ 19. Rxe1 Ne6 20. h4 Bd7 21. Re4 Re8 22. h5 Nh8 23. Bh4 g6 24. Bg3 Qd8 25. Ne5 Ng5 26. Nxd7 Nxe4 27. Nxe4 Bg7 28. h6 Bxd4 29. Qd3 Rxe4 30. Qxe4 Qxd7 31. Bd6 Bf6 32. Qf4 Qf5 33. Qxf5 gxf5 34. Bb8 Ng6 35. Bd3 Bd4 36. Bxa7 f4 37. Bf5 Ne5 38. Kf1 f6 39. Ke2 Kf7 40. Bc8 Kg6 41. Bxb7 f3+ 42. gxf3 Nd7 43. Bxc6 Nxc5 44. Bxc5 Bxc5 45. f4 Kxh6 46. Kf3 Ba3 47. Kg4 Kg7 48. f5 Bc5 1/2-1/2

[Event "Kostroma Spring"]
[Site "Kostroma"]
[Date "2012.03.01"]
[Round "1"]
[White "Shkalov, Oleg"]
[Black "Arbuzov, Ivan"]
[Result "0-1"]
[WhiteElo "2231"]
[BlackElo "2088"]
[PlyCount "72"]
[EventDate "2012.03.01"]
[EventType "tourn"]
[EventRounds "9"]
[EventCountry "RUS"]
[SourceTitle "EXT 2013"]
[Source "ChessBase"]
[SourceDate "2012.11.22"]
[SourceVersion "1"]
[SourceVersionDate "2012.11.22"]
[SourceQuality "1"]

1. e4 e6 2. d3 c5 3. Nd2 Nc6 4. c3 d6 5. Ne2 g6 6. g3 Bg7 7. Bg2 Nge7 8. 0-0 0-0 9. f4 Rb8 10. Nf3 e5 11. Be3 b6 12. d4 exd4 13. cxd4 Ba6 14. Rf2 d5 15. e5 f6 16. dxc5 fxe5 17. Nxe5 Nxe5 18. fxe5 Rxf2 19. Bxf2 bxc5 20. Bxc5 Rxb2 21. Nd4 Bxe5 22. Qa4 Bc8 23. Re1 Bf6 24. Qxa7 Rb7 25. Qa4 Kg7 26. h3 Nf5 27. Re8 Qd7 28. Ne6+ Kf7 29. Rf8+ Kxe6 30. Qa6+ Nd6 31. Qe2+ Be5 32. Qg4+ Nf5 33. Qf3 Rb1+ 34. Kf2 Bxg3+ 35. Qxg3 Nxg3 36. Kxg3 Qc7+ 0-1

[Event "RUS-chT U20"]
[Site "Rybinsk"]
[Date "2010.08.07"]
[Round "6"]
[White "Arbuzov, Ivan"]
[Black "Egorov, Roman"]
[Result "0-1"]
[WhiteElo "1940"]
[BlackElo "1935"]
[PlyCount "80"]
[EventDate "2010.08.02"]
[EventType "team-swiss"]
[EventRounds "9"]
[EventCountry "RUS"]
[SourceTitle "EXT 2011"]
[Source "ChessBase"]
[SourceDate "2010.11.26"]
[SourceVersion "1"]
[SourceVersionDate "2010.11.26"]
[SourceQuality "1"]

1. e4 c6 2. d4 d5 3. exd5 cxd5 4. Bd3 Nc6 5. c3 Qc7 6. h3 e6 7. Nf3 Bd6 8. 0-0 Nge7 9. Re1 Bd7 10. Qe2 f6 11. c4 0-0-0 12. Bd2 Bf4 13. Nc3 Bxd2 14. Qxd2 a6 15. Rac1 Kb8 16. cxd5 Nxd5 17. Nxd5 exd5 18. b4 Qb6 19. b5 axb5 20. Rc5 Na7 21. Qf4+ Ka8 22. Re7 g5 23. Qc7 Qxc7 24. Rxc7 Bc6 25. Rxh7 Rxh7 26. Rxh7 b4 27. Rf7 Nb5 28. Bxb5 Bxb5 29. Rxf6 Ka7 30. Nxg5 Bc4 31. Nf3 Bxa2 32. Re6 Rc8 33. Re2 Rc1+ 34. Kh2 b3 35. Ne1 Bb1 36. g4 Bc2 37. Nxc2 bxc2 38. g5 Rh1+ 39. Kxh1 c1Q+ 40. Kh2 Qxg5 0-1

[Event "Kostroma Volga Cup op"]
[Site "Kostroma"]
[Date "2010.07.??"]
[Round "7"]
[White "Martynov, Pavel1111"]
[Black "Arbuzov, Ivan"]
[Result "1/2-1/2"]
[WhiteElo "2190"]
[BlackElo "1940"]
[PlyCount "86"]
[EventDate "2010.07.??"]
[EventType "swiss"]
[EventRounds "9"]
[EventCountry "RUS"]
[SourceTitle "EXT 2011"]
[Source "ChessBase"]
[SourceDate "2010.11.26"]
[SourceVersion "1"]
[SourceVersionDate "2010.11.26"]
[SourceQuality "1"]

1. Nf3 Nf6 2. g3 g6 3. Bg2 Bg7 4. 0-0 0-0 5. c4 d6 6. d4 Nbd7 7. Nc3 e5 8. h3 c6 9. e4 exd4 10. Nxd4 Re8 11. Be3 Nc5 12. Qc2 Nfd7 13. Rfe1 a5 14. b3 Qc7 15. Rad1 Ne6 16. Nde2 Ndc5 17. a3 Nd8 18. b4 Na6 19. b5 Nc5 20. Qd2 Bf8 21. Bf4 Be6 22. Bxd6 Bxd6 23. Qxd6 Qxd6 24. Rxd6 Bxc4 25. Nd4 cxb5 26. Ncxb5 Bxb5 27. Nxb5 Nde6 28. f4 Red8 29. e5 Rxd6 30. Nxd6 Rb8 31. Rb1 b6 32. Bd5 Kg7 33. Kg2 f6 34. Nc4 fxe5 35. fxe5 Nc7 36. Bc6 b5 37. Nxa5 Rb6 38. Bf3 Ra6 39. Nb3 Nd3 40. Nd4 Nxe5 41. Nxb5 Nxb5 42. Rxb5 Nxf3 43. Rb7+ Kf6 1/2-1/2

[Event "Rybinsk-ch"]
[Site "Rybinsk"]
[Date "2010.03.17"]
[Round "4"]
[White "Arbuzov, Ivan"]
[Black "Varjagin, Alexander"]
[Result "0-1"]
[WhiteElo "1829"]
[BlackElo "2263"]
[PlyCount "134"]
[EventDate "2010.03.15"]
[EventType "tourn"]
[EventRounds "13"]
[EventCountry "RUS"]
[SourceTitle "EXT 2012"]
[Source "ChessBase"]
[SourceDate "2011.11.24"]
[SourceVersion "1"]
[SourceVersionDate "2011.11.24"]
[SourceQuality "1"]

1. e4 Nf6 2. e5 Nd5 3. d4 d6 4. c4 Nb6 5. Nf3 Bg4 6. exd6 cxd6 7. Nc3 Nc6 8. Be3 g6 9. b3 Bg7 10. Be2 0-0 11. h3 Bxf3 12. Bxf3 e5 13. Bxc6 bxc6 14. 0-0 f5 15. f3 d5 16. c5 Nd7 17. dxe5 Bxe5 18. Rc1 Re8 19. Qd2 Nf8 20. Ne2 Ne6 21. Rfd1 a5 22. Rc2 Qc7 23. Nc1 f4 24. Bf2 Bf6 25. Qd3 Ng7 26. a3 Nf5 27. Re2 Rxe2 28. Qxe2 Qe5 29. Qxe5 Bxe5 30. Nd3 Bc7 31. Rb1 Kf7 32. Be1 Ke6 33. Bd2 g5 34. Kf2 d4 35. h4 Nxh4 36. Rh1 Rf8 37. Re1+ Kf6 38. b4 Ra8 39. Re4 Nf5 40. Nc1 axb4 41. Bxb4 Ba5 42. Bxa5 Rxa5 43. Nb3 Rxa3 44. Nxd4 Ra2+ 45. Kg1 Ra1+ 46. Kf2 Ra2+ 47. Kg1 Nxd4 48. Rxd4 Re2 49. Kf1 Re6 50. Rd7 h6 51. Rh7 Ke5 52. Rd7 Rf6 53. Kf2 Ke6 54. Rd4 Ke7 55. g4 fxg3+ 56. Kxg3 h5 57. Rc4 Rf5 58. Rc1 Ke6 59. Rh1 h4+ 60. Kg4 Rxc5 61. Re1+ Kf6 62. Re8 Rc4+ 63. Kh3 Rf4 64. Kg2 c5 65. Rf8+ Ke5 66. Rg8 Rf5 67. Rd8 c4 0-1

[Event "Kostroma Volga Cup op"]
[Site "Kostroma"]
[Date "2008.07.??"]
[Round "9"]
[White "Khobotova, Olesia"]
[Black "Arbuzov, Ivan"]
[Result "1-0"]
[WhiteElo "1931"]
[BlackElo "1802"]
[PlyCount "45"]
[EventDate "2008.07.??"]
[EventType "swiss"]
[EventRounds "9"]
[EventCountry "RUS"]
[SourceTitle "EXT 2009"]
[Source "ChessBase"]
[SourceDate "2008.11.26"]
[SourceVersion "1"]
[SourceVersionDate "2008.11.26"]
[SourceQuality "1"]

1. e4 c6 2. d4 d5 3. exd5 cxd5 4. Bd3 Nc6 5. c3 Nf6 6. h3 e6 7. Nf3 Be7 8. 0-0 0-0 9. Re1 Qc7 10. Nbd2 Rb8 11. Ne5 b5 12. Ndf3 Bd7 13. Bf4 Bd6 14. Bg5 Ne8 15. Qc2 h6 16. Bd2 Nf6 17. Qc1 h5 18. Bg5 Be7 19. Qf4 Ne8 20. Nxc6 Bxg5 21. Qxc7 Nxc7 22. Nxb8 Rxb8 23. Nxg5 1-0

[Event "Kostroma Volga Cup op"]
[Site "Kostroma"]
[Date "2008.07.??"]
[Round "5"]
[White "Orlovtsev, Alexander"]
[Black "Arbuzov, Ivan"]
[Result "1-0"]
[WhiteElo "2058"]
[BlackElo "1802"]
[PlyCount "118"]
[EventDate "2008.07.??"]
[EventType "swiss"]
[EventRounds "9"]
[EventCountry "RUS"]
[SourceTitle "EXT 2009"]
[Source "ChessBase"]
[SourceDate "2008.11.26"]
[SourceVersion "1"]
[SourceVersionDate "2008.11.26"]
[SourceQuality "1"]

1. d4 Nf6 2. c4 g6 3. Nc3 Bg7 4. e4 d6 5. Be2 0-0 6. Bg5 Nbd7 7. Qd2 e5 8. d5 a5 9. h4 Nc5 10. f3 Qd7 11. g4 Ne8 12. 0-0-0 f5 13. gxf5 gxf5 14. Be3 f4 15. Bf2 Qe7 16. Bf1 b6 17. Nge2 Nf6 18. Bh3 Bxh3 19. Rxh3 Nh5 20. Rg1 h6 21. Kc2 Kh7 22. Qe1 Bf6 23. Rg4 Bg7 24. Qg1 Nd7 25. Rh2 Ndf6 26. Rgg2 Rg8 27. Qe1 Bh8 28. b3 Rxg2 29. Rxg2 Rg8 30. Qg1 Rxg2 31. Qxg2 Bg7 32. Qh3 Bf8 33. Nb5 Ng7 34. a3 Nge8 35. Nc1 Qd7 36. Qxd7+ Nxd7 37. b4 axb4 38. axb4 Be7 39. Nd3 Kg6 40. Ne1 Nf8 41. Kd3 Kh5 42. Ng2 Ng6 43. Ke2 Nxh4 44. Nxh4 Bxh4 45. Kf1 Bg3 46. Nxc7 Nxc7 47. Bxb6 Ne8 48. Ba5 Bh4 49. b5 Be7 50. b6 Nf6 51. b7 Nd7 52. Bc7 Kg6 53. c5 dxc5 54. Bxe5 Bf6 55. Bxf4 c4 56. Ke2 h5 57. e5 Bg5 58. Bxg5 Kxg5 59. e6 h4 1-0